Teatro neerlandés contemporáneo
Salvato in:
| Autori principali: | , |
|---|---|
| Natura: | Libro |
| Lingua: | spagnolo |
| Pubblicazione: |
Madrid
Aguilar
1959
|
| Serie: | Colección Teatro Contemporáneo
|
| Soggetti: | |
| Tags: |
Aggiungi Tag
Nessun Tag, puoi essere il primo ad aggiungerne!!
|
MARC
| LEADER | 00000cam a2200000 a 4500 | ||
|---|---|---|---|
| 001 | UCV7938 | ||
| 003 | CL-VaPUC | ||
| 008 | 900313e19590000SP |||||||||||||||||spa|d | ||
| 082 | 0 | 4 | |a 839.3 |b LOR |2 21 |
| 100 | |a Lorda Alaiz, Felipe M. |e autor |9 302037 | ||
| 700 | 0 | |a Treves, Luisa |e author |9 302036 | |
| 245 | 1 | 0 | |a Teatro neerlandés contemporáneo |
| 300 | |a 407 p | ||
| 942 | |c BK | ||
| 945 | |d 19900313 00:00:00 | ||
| 260 | |a Madrid |b Aguilar |c 1959 | ||
| 500 | |a Contiene las siguentes obras: La carta de don Juan - Los complices - La isla desierta - Capitan despues de Dios - El agua - Herodes | ||
| 650 | 7 | |a TEATRO HOLANDES SIGLO 20 |2 CL-VaPUC |9 265816 | |
| 650 | 7 | |a TEATRO NEERLANDES SIGLO 20 |2 CL-VaPUC |9 265817 | |
| 583 | |a last modification |c 20150924 21:40:47 |k Rodrigo Vera | ||
| 490 | 0 | |a Colección Teatro Contemporáneo | |
| 999 | |c 213539 |d 213537 | ||
| 952 | |0 0 |1 0 |4 0 |6 839_300000000000000_LOR_1959 |7 0 |8 P |9 196017 |a BIBARQ |b BIBARQ |d 2019-11-14 |i 2639718 |o 839.3 LOR 1959 |p 2639718 |r 2025-01-20 |w 2019-11-14 |y BK |k ARQ | ||